Culture générale en 60 secondes #8 - Chimie - Statistiques

Statistiques générales
  • Ce quiz a été pris 81 fois
  • Le résultat moyen est 6 sur 16
Statistiques - réponses
Indice Réponse % Correct
Que signifie CCM : Chromatographie sur couche... Mince
82%
Quel gaz est nécessaire à une combustion ? Dioxygène
72%
Quel métal liquide dangereux se trouvait autrefois dans certains thermomètres ? Mercure
58%
Comment appelle t-on le passage direct de l'état solide à l'état gazeux ? Sublimation
54%
Le fluor, le chlore, le brome, l'iode et l'astate constituent la famille des... Halogènes
46%
Quel gaz constitue 78 % de l'atmosphère terrestre ? Diazote
42%
Quelle est la formule chimique du chlorure de sodium, communément appelé sel ? NaCl
42%
Comment s'appelle la couche d'électrons extérieure de l'atome ? Couche de {valence}
40%
Comment appelle t-on les ions chargés positivement et négativement ? Anion
34%
Comment appelle t-on les ions chargés positivement et négativement ? Cation
30%
Quel gaz noble est utilisé pour les enseignes lumineuses ? Néon
20%
Quel instrument sert à savoir si un matériau est conducteur ou non ? Conductimètre
14%
Quelle est la couleur originelle du papier pH ? Jaune
14%
Quel atome a pour symbole Sb ? Antimoine
12%
Comment s'appelle une molécule composée uniquement de carbone et d’hydrogène ? Hydrocarbure
10%
Quel oiseau était autrefois utilisé dans les mines pour évaluer le taux de monoxyde de carbone ? Canari
4%
Aucun quiz correspondant
Distribution des résultats
% des personnes avec chaque résultat
Percentile par nombre de réponses
Votre historique - résultats
Vous n’avez pas pris ce quiz